Notas sobre democracia y política exterior /

Guardat en:
Dades bibliogràfiques
Autor principal: Rojas Aravena, Francisco
Format: Text
Matèries:
Etiquetes: Afegir etiqueta
Sense etiquetes, Sigues el primer a etiquetar aquest registre!

MARC

LEADER 00000 a a2200000 04500
001 13969
003
040
100 |a Rojas Aravena, Francisco  
245 |a Notas sobre democracia y política exterior /  |c Francisco Rojas Aravena 
650 |a RELACIONES INTERNACIONALES  
650 |a DEMOCRACIA  
650 |a DEMOCRATIZACION  
773 |g número 10; páginas 153-158  
999 |c 24546  |d 24546